|
|
|
|
| LEADER |
00666nam a2200217Ia 4500 |
| 001 |
CTU_131696 |
| 008 |
210402s9999 xx 000 0 und d |
| 020 |
|
|
|c 1587000
|
| 082 |
|
|
|a 612.015078
|
| 082 |
|
|
|b F245
|
| 100 |
|
|
|a Farrell, Shawn O.
|
| 245 |
|
0 |
|a Experiments in biochemistry :
|
| 245 |
|
2 |
|b A hands-on approach : A manual for the undergraduate laboratory
|
| 245 |
|
0 |
|c Shawn O. Farrell, Lynn E. Taylor.
|
| 260 |
|
|
|a Belmont, CA
|
| 260 |
|
|
|b Thomson/Brooks/Cole
|
| 260 |
|
|
|c 2006
|
| 650 |
|
|
|a Biochemistry,Sinh hóa,Thí nghiệm
|
| 650 |
|
|
|x Laboratory manuals.
|
| 904 |
|
|
|i Minh
|
| 980 |
|
|
|a Trung tâm Học liệu Trường Đại học Cần Thơ
|